Normal view
MARC view
- ZAMAN, AHSAN
Entry Personal Name
001 - CONTROL NUMBER
- control field: 122256
003 - CONTROL NUMBER IDENTIFIER
- control field: NUST
005 - DATE AND TIME OF LATEST TRANSACTION
- control field: 20240401145529.0
008 - FIXED-LENGTH DATA ELEMENTS
- fixed length control field: 240401|| aca||aabn | a|a d
040 ## - CATALOGING SOURCE
- Original cataloging agency: NUST
- Transcribing agency: NUST
100 ## - HEADING--PERSONAL NAME
- Personal name: ZAMAN, AHSAN
670 ## - SOURCE DATA FOUND
- Source citation: Work cat.: (NUST): ZAMAN, AHSAN, Numerical Analysis of Compression Ignition Engine using Ethanol Blends /
